[Event "Titled Tuesday intern op 16th Apr Early"]
[Site "Chess.com INT"]
[Date "2024.04.16"]
[Round "8"]
[White "Petkov, Momchil"]
[Black "Riehle, Marco"]
[Result "1-0"]
[WhiteElo "2502"]
[BlackElo "2370"]
[PlyCount "77"]
[EventDate "2024.04.16"]
[EventType "swiss (blitz)"]
[EventRounds "11"]
[EventCountry "USA"]
[SourceTitle "CB17_2024"]
[SourceDate "2024.04.24"]
[SourceVersion "1"]
[SourceVersionDate "2024.04.24"]
[SourceQuality "1"]

1. d4 d5 2. Nf3 e6 3. c4 Nf6 4. Nc3 c5 5. e3 cxd4 6. exd4 Nc6 7. a3 Be7 8. c5 Ne4 9. Bb5 0-0 10. 0-0 Qc7 11. Re1 f5 12. Bxc6 bxc6 13. Ne5 Bf6 14. Nxe4 Bxe5 15. Ng3 Bf6 16. Nh5 Be7 17. Bf4 Qb7 18. Be5 g6 19. Nf4 Qxb2 20. Rb1 Qxa3 21. Re3 Qa6 22. Rg3 Kf7 23. Rgb3 Bf6 24. Ra1 Qc4 25. Nd3 a5 26. Bxf6 Kxf6 27. Ne5 Qa6 28. Rb6 Qa7 29. Nxc6 Qc7 30. Rxa5 Bd7 31. Rxa8 Rxa8 32. Ne5 Be8 33. h4 Qa7 34. Qd2 Qa1+ 35. Kh2 Ra7 36. Rb8 Bf7 37. Qg5+ Kg7 38. h5 Qxd4 39. h6# 1-0

[Event "Menorca op 3rd"]
[Site "Ciutadella de Menorca"]
[Date "2024.04.04"]
[Round "4"]
[White "Aravindh, Chithambaram VR"]
[Black "Petkov, Momchil"]
[Result "1-0"]
[WhiteElo "2662"]
[BlackElo "2502"]
[PlyCount "45"]
[EventDate "2024.04.02"]
[EventType "swiss"]
[EventRounds "9"]
[EventCountry "ESP"]
[SourceTitle "CB15_2024"]
[SourceDate "2024.04.10"]
[SourceVersion "1"]
[SourceVersionDate "2024.04.10"]
[SourceQuality "1"]

1. e4 e5 2. Nf3 Nc6 3. Bb5 a6 4. Ba4 Nf6 5. Nc3 d6 6. Bxc6+ bxc6 7. d4 Nd7 8. dxe5 dxe5 9. 0-0 Bd6 10. b3 0-0 11. Ne2 a5 12. a4 Ba6 13. Re1 Bb4 14. Bd2 Rb8 15. Ng3 f6 16. Re3 Qe7 17. Nf5 Qe6 18. N3h4 g6 19. Rg3 Kf7 20. Nxg6 hxg6 21. Rxg6 Rg8 22. Rxg8 Rxg8 23. Qh5+ 1-0

[Event "Fagernes op"]
[Site "Fagernes"]
[Date "2024.03.30"]
[Round "8"]
[White "Petkov, Momchil"]
[Black "Doshi, Moksh Amitbhai"]
[Result "1/2-1/2"]
[WhiteElo "2500"]
[BlackElo "2353"]
[PlyCount "95"]
[EventDate "2024.03.24"]
[EventType "swiss"]
[EventRounds "9"]
[EventCountry "NOR"]
[SourceTitle "CB14_2024"]
[SourceDate "2024.04.01"]
[SourceVersion "1"]
[SourceVersionDate "2024.04.01"]
[SourceQuality "1"]

1. d4 Nf6 2. Nf3 d5 3. c4 e6 4. Nc3 Bb4 5. cxd5 exd5 6. Bf4 Ne4 7. Rc1 Nd7 8. e3 g5 9. Be5 f6 10. Bg3 h5 11. h4 g4 12. Ng1 Nxg3 13. fxg3 Qe7 14. Kf2 c6 15. Bd3 Nf8 16. Nge2 Be6 17. Nf4 0-0-0 18. Na4 Kb8 19. Nc5 Bc8 20. a3 Bxc5 21. Rxc5 Ne6 22. Nxe6 Qxe6 23. b4 Rhe8 24. Qd2 Bd7 25. Re1 f5 26. Kf1 Qd6 27. Qf2 Re7 28. Rc3 Rde8 29. Bc2 Bc8 30. Ke2 Qh6 31. Kd2 Qd6 32. Rf1 Bd7 33. Qf4 Qxf4 34. Rxf4 Rf8 35. b5 cxb5 36. Rc5 Be6 37. Rxb5 Rc7 38. Bd3 Rff7 39. Rf1 Rc8 40. Rfb1 Rcc7 41. a4 Rc8 42. a5 Re7 43. R5b3 Rcc7 44. Rf1 Rf7 45. Rbb1 Rc8 46. Rf4 Kc7 47. Rbf1 Rcf8 48. Rb1 1/2-1/2

[Event "Fagernes op"]
[Site "Fagernes"]
[Date "2024.03.28"]
[Round "6"]
[White "Petkov, Momchil"]
[Black "Kenneskog, Theodor"]
[Result "1-0"]
[WhiteElo "2500"]
[BlackElo "2358"]
[PlyCount "81"]
[EventDate "2024.03.24"]
[EventType "swiss"]
[EventRounds "9"]
[EventCountry "NOR"]
[SourceTitle "CB14_2024"]
[SourceDate "2024.04.01"]
[SourceVersion "1"]
[SourceVersionDate "2024.04.01"]
[SourceQuality "1"]

1. e4 c5 2. Nf3 d6 3. d4 cxd4 4. Nxd4 Nf6 5. Nc3 a6 6. Be3 e5 7. Nb3 Be7 8. Rg1 Ng4 9. Bd2 Be6 10. h3 Nf6 11. Qf3 Nbd7 12. 0-0-0 Rc8 13. Nd5 Bxd5 14. exd5 Qc7 15. c4 0-0 16. Kb1 b6 17. g4 a5 18. g5 Ne8 19. Bd3 a4 20. Nc1 Nc5 21. Bc2 Qb7 22. Rg4 g6 23. Qe2 b5 24. cxb5 Nc7 25. Bxa4 Nxd5 26. Bc2 Nc7 27. a4 N7e6 28. Be3 Ra8 29. Bxc5 Nxc5 30. Be4 Nxe4 31. Qxe4 Qa7 32. Qe3 Qb8 33. Na2 Bd8 34. Qd3 Qa7 35. Nc3 Bb6 36. Nd5 Bxf2 37. Nf6+ Kg7 38. Qxd6 Bd4 39. Rdxd4 exd4 40. Qe5 Rfd8 41. Rh4 1-0

[Event "Fagernes op"]
[Site "Fagernes"]
[Date "2024.03.27"]
[Round "4"]
[White "Petkov, Momchil"]
[Black "Al Tarbosh, Ward"]
[Result "1/2-1/2"]
[WhiteElo "2500"]
[BlackElo "2277"]
[PlyCount "150"]
[EventDate "2024.03.24"]
[EventType "swiss"]
[EventRounds "9"]
[EventCountry "NOR"]
[SourceTitle "CB14_2024"]
[SourceDate "2024.04.01"]
[SourceVersion "1"]
[SourceVersionDate "2024.04.01"]
[SourceQuality "1"]

1. e4 c5 2. Nf3 e6 3. Nc3 a6 4. d4 cxd4 5. Nxd4 Qc7 6. Bd3 Nc6 7. Nxc6 dxc6 8. 0-0 e5 9. Be3 Nf6 10. h3 Bd6 11. a4 a5 12. Bc4 0-0 13. Qf3 Qe7 14. Rad1 Bc5 15. Rd3 Bxe3 16. Qxe3 Nh5 17. Ne2 Be6 18. Bxe6 fxe6 19. Rfd1 Nf4 20. Rd7 Qg5 21. Nxf4 exf4 22. Qb3 Qe5 23. Re7 Rae8 24. Rxe8 Rxe8 25. Qxb7 Qxe4 26. Rd7 Qe1+ 27. Kh2 Qe5 28. Qxc6 f3+ 29. g3 Qe1 30. Qxf3 Rf8 31. Rd1 Qxf2+ 32. Qg2 Qb6 33. Rf1 Rxf1 34. Qxf1 Qxb2 35. Qc4 Qb6 36. Kg2 h6 37. h4 Kf7 38. h5 Qe3 39. Qc7+ Kf6 40. Qd8+ Kf7 41. Qc7+ Kf6 42. Qd8+ Kf7 43. Qxa5 Qe2+ 44. Kh3 Qf1+ 45. Kg4 Qe2+ 46. Kf4 Qf2+ 47. Ke4 Qxc2+ 48. Kd4 Qd1+ 49. Kc4 Qg4+ 50. Kb3 Qxg3+ 51. Qc3 Qb8+ 52. Qb4 Qg3+ 53. Kc4 Qf4+ 54. Kb3 Qf3+ 55. Qc3 Qxh5 56. Qc7+ Kg8 57. a5 Qb5+ 58. Kc3 h5 59. Qc8+ Kh7 60. a6 h4 61. Qxe6 Qa5+ 62. Kd4 Qb4+ 63. Kd5 Qb3+ 64. Kd6 Qf3 65. Qa2 Qg3+ 66. Kd7 Qd3+ 67. Kc7 Qc3+ 68. Kd7 Qd4+ 69. Kc8 Qa7 70. Qb1+ Kh6 71. Qb7 Qc5+ 72. Kd7 Qf5+ 73. Ke8 Qe6+ 74. Kd8 Qd6+ 75. Ke8 Qe6+ 1/2-1/2

[Event "NOR-chT Elite 2324"]
[Site "Norway"]
[Date "2024.03.09"]
[Round "8.41"]
[White "Kvaloy, Aksel Bu"]
[Black "Petkov, Momchil"]
[Result "1/2-1/2"]
[WhiteElo "2454"]
[BlackElo "2500"]
[PlyCount "85"]
[EventDate "2023.10.27"]
[EventType "team-tourn"]
[EventRounds "9"]
[EventCountry "NOR"]
[SourceTitle "CB16_2024"]
[SourceDate "2024.04.17"]
[SourceVersion "1"]
[SourceVersionDate "2024.04.17"]
[SourceQuality "1"]
[WhiteTeam "Stavanger"]
[BlackTeam "Baerum"]
[WhiteTeamCountry "NOR"]
[BlackTeamCountry "NOR"]

1. e4 e5 2. Nf3 Nc6 3. Bb5 a6 4. Ba4 Nf6 5. 0-0 Be7 6. Re1 b5 7. Bb3 d6 8. c3 0-0 9. h3 Nb8 10. d4 Nbd7 11. c4 c6 12. Nc3 b4 13. Ne2 Nxe4 14. Qc2 Ndf6 15. c5 Bf5 16. Nh4 Bd7 17. dxe5 dxe5 18. Be3 Nd5 19. Qxe4 Bxh4 20. Bxd5 cxd5 21. Qxe5 Bf6 22. Qd6 Bb5 23. Qxd8 Rfxd8 24. Nd4 Bxd4 25. Bxd4 Re8 26. f3 f6 27. Kf2 Kf7 28. Rac1 Rxe1 29. Rxe1 Re8 30. Be3 d4 31. Bxd4 Rxe1 32. Kxe1 Ke6 33. g4 Kd5 34. Be3 Bc4 35. a3 bxa3 36. bxa3 Bb5 37. Kd2 Kc4 38. f4 Bc6 39. h4 Bf3 40. g5 f5 41. Bf2 g6 42. Bg1 Bc6 43. Bf2 1/2-1/2

[Event "NOR-chT Elite 2324"]
[Site "Norway"]
[Date "2024.02.03"]
[Round "5.41"]
[White "Petkov, Momchil"]
[Black "Pantzar, Milton"]
[Result "1/2-1/2"]
[WhiteElo "2504"]
[BlackElo "2468"]
[PlyCount "49"]
[EventDate "2023.10.27"]
[EventType "team-tourn"]
[EventRounds "9"]
[EventCountry "NOR"]
[SourceTitle "CB16_2024"]
[SourceDate "2024.04.17"]
[SourceVersion "1"]
[SourceVersionDate "2024.04.17"]
[SourceQuality "1"]
[WhiteTeam "Baerum"]
[BlackTeam "Oslo SK 1911"]
[WhiteTeamCountry "NOR"]
[BlackTeamCountry "NOR"]

1. e4 c6 2. d4 d5 3. e5 c5 4. dxc5 e6 5. Qg4 h5 6. Qf4 Bxc5 7. Nc3 Nc6 8. Nf3 Nh6 9. Bd3 Nb4 10. 0-0 Nxd3 11. cxd3 Nf5 12. d4 Be7 13. Ne2 Rg8 14. Ng3 g5 15. Qd2 h4 16. Nxf5 exf5 17. Qd3 Rg6 18. Bd2 f4 19. Bb4 Bxb4 20. Qb5+ Rc6 21. Qxb4 g4 22. Ne1 Bf5 23. Qd2 f3 24. Qf4 Be4 25. Rd1 1/2-1/2

[Event "Sitges Sunway op 10th"]
[Site "Sitges"]
[Date "2023.12.15"]
[Round "4"]
[White "Sokolovsky, Yahli"]
[Black "Petkov, Momchil"]
[Result "1/2-1/2"]
[WhiteElo "2443"]
[BlackElo "2496"]
[PlyCount "73"]
[EventDate "2023.12.12"]
[EventType "swiss"]
[EventRounds "10"]
[EventCountry "ESP"]
[SourceTitle "CB52_2023"]
[SourceDate "2023.12.27"]
[SourceVersion "1"]
[SourceVersionDate "2023.12.27"]
[SourceQuality "1"]

1. e4 c6 2. Nf3 d5 3. Nc3 Bg4 4. d4 e6 5. Be2 Be7 6. h3 Bh5 7. exd5 cxd5 8. g4 Bg6 9. Ne5 Nc6 10. Bb5 Rc8 11. Bf4 Bd6 12. Qe2 Nge7 13. 0-0-0 0-0 14. Nxg6 Nxg6 15. Bxd6 Qxd6 16. Kb1 Na5 17. Qd2 a6 18. Bd3 Nf4 19. Ne2 Nxd3 20. cxd3 Nc6 21. f4 Rc7 22. Rc1 Rfc8 23. Rc3 Na7 24. Rhc1 Nb5 25. R3c2 h6 26. Rxc7 Rxc7 27. Rxc7 Nxc7 28. Qc1 b6 29. a3 Kf8 30. Ng1 g5 31. Ne2 f6 32. h4 gxh4 33. Qh1 Qd7 34. Qxh4 Qg7 35. Nc3 Qg6 36. Kc2 Ke7 37. Qh1 1/2-1/2

[Event "Sitges Sunway op 10th"]
[Site "Sitges"]
[Date "2023.12.12"]
[Round "1"]
[White "Petkov, Momchil"]
[Black "Roneet, Das"]
[Result "1-0"]
[WhiteElo "2496"]
[BlackElo "2017"]
[PlyCount "39"]
[EventDate "2023.12.12"]
[EventType "swiss"]
[EventRounds "10"]
[EventCountry "ESP"]
[SourceTitle "CB52_2023"]
[SourceDate "2023.12.27"]
[SourceVersion "1"]
[SourceVersionDate "2023.12.27"]
[SourceQuality "1"]

1. d4 Nf6 2. c4 c5 3. d5 b5 4. cxb5 a6 5. e3 axb5 6. Bxb5 Qa5+ 7. Nc3 Ba6 8. Bxa6 Qxa6 9. Nge2 d6 10. 0-0 g6 11. a4 Bg7 12. Nb5 Qb7 13. Nec3 0-0 14. e4 Na6 15. Qe2 Ne8 16. Bf4 Nec7 17. e5 dxe5 18. Bxe5 Nxd5 19. Bxg7 Nf4 20. Qg4 1-0

[Event "ROM GP KO final"]
[Site "Alba Iulia"]
[Date "2023.12.05"]
[Round "3.2"]
[White "Gavrilescu, David"]
[Black "Petkov, Momchil"]
[Result "1/2-1/2"]
[WhiteElo "2523"]
[BlackElo "2496"]
[PlyCount "21"]
[EventDate "2023.12.05"]
[EventType "k.o."]
[EventRounds "3"]
[EventCountry "ROU"]
[SourceTitle "CB50_2023"]
[SourceDate "2023.12.13"]
[SourceVersion "1"]
[SourceVersionDate "2023.12.13"]
[SourceQuality "1"]

1. e4 c5 2. Nf3 Nc6 3. Bb5 Nf6 4. Nc3 Qc7 5. 0-0 Nd4 6. Re1 a6 7. Bf1 e5 8. d3 Nxf3+ 9. Qxf3 d6 10. Bg5 Be7 11. Bxf6 1/2-1/2

[Event "ROM GP KO final"]
[Site "Alba Iulia"]
[Date "2023.12.05"]
[Round "3.3"]
[White "Gavrilescu, David"]
[Black "Petkov, Momchil"]
[Result "1-0"]
[WhiteElo "2523"]
[BlackElo "2496"]
[PlyCount "63"]
[EventDate "2023.12.05"]
[EventType "k.o."]
[EventRounds "3"]
[EventCountry "ROU"]
[SourceTitle "CB50_2023"]
[SourceDate "2023.12.13"]
[SourceVersion "1"]
[SourceVersionDate "2023.12.13"]
[SourceQuality "1"]

1. e4 c5 2. b3 Nf6 3. e5 Nd5 4. Nf3 g6 5. Bb2 Bg7 6. d4 cxd4 7. Qxd4 Nc7 8. Nbd2 Nc6 9. Qf4 Ne6 10. Qg3 Qa5 11. Be2 d6 12. 0-0 Nxe5 13. Nc4 Nxf3+ 14. Bxf3 Qc7 15. Bxg7 Nxg7 16. Rfe1 0-0 17. h4 Be6 18. Ne3 Qb6 19. h5 Rfe8 20. h6 Nf5 21. Nxf5 Bxf5 22. c4 Rad8 23. Rad1 e5 24. Qg5 d5 25. Bxd5 Kf8 26. c5 Qxc5 27. Qf6 Rxd5 28. Rxd5 Qxd5 29. Qg7+ Ke7 30. Rxe5+ Qxe5 31. Qxe5+ Be6 32. Qc5+ 1-0

[Event "ROM GP Final GpA"]
[Site "Alba Iulia"]
[Date "2023.12.04"]
[Round "6"]
[White "Toma, Radu Cristian"]
[Black "Petkov, Momchil"]
[Result "0-1"]
[WhiteElo "2386"]
[BlackElo "2496"]
[PlyCount "54"]
[EventDate "2023.12.04"]
[EventType "tourn (rapid)"]
[EventRounds "6"]
[EventCountry "ROU"]
[EventCategory "5"]
[SourceTitle "CB49_2023"]
[SourceDate "2023.12.06"]
[SourceVersion "1"]
[SourceVersionDate "2023.12.06"]
[SourceQuality "1"]

1. Nf3 Nf6 2. c4 e6 3. Nc3 b6 4. g3 Bb7 5. Bg2 c5 6. d4 cxd4 7. Qxd4 Nc6 8. Qf4 Rc8 9. 0-0 Ne7 10. b3 Ng6 11. Qd2 Bb4 12. Bb2 0-0 13. a3 Ne4 14. Qd3 Bxc3 15. Bxc3 Nxc3 16. Qxc3 b5 17. Qb4 Bxf3 18. exf3 bxc4 19. bxc4 Ne5 20. Qa4 Nxc4 21. Qxa7 Ra8 22. Qc5 Nd2 23. Qd6 Nxf1 24. Bxf1 Qb8 25. Rd1 Qxd6 26. Rxd6 Rxa3 27. Rxd7 Rxf3 0-1

[Event "Titled Tuesday intern op 14th Nov Early"]
[Site "Chess.com INT"]
[Date "2023.11.14"]
[Round "9"]
[White "Petkov, Momchil"]
[Black "Gurel, Ediz"]
[Result "0-1"]
[WhiteElo "2496"]
[BlackElo "2554"]
[PlyCount "100"]
[EventDate "2023.11.14"]
[EventType "swiss (blitz)"]
[EventRounds "11"]
[EventCountry "USA"]
[SourceTitle "CB47_2023"]
[SourceDate "2023.11.22"]
[SourceVersion "1"]
[SourceVersionDate "2023.11.22"]
[SourceQuality "1"]

1. d4 Nf6 2. Nf3 e6 3. Bf4 c5 4. e3 b6 5. Nc3 a6 6. e4 cxd4 7. Qxd4 Nc6 8. Qd2 Bb4 9. Bd3 d5 10. e5 d4 11. exf6 dxc3 12. bxc3 Qxf6 13. 0-0 Bxc3 14. Bg5 Bxd2 15. Bxf6 gxf6 16. Nxd2 Ne5 17. Be4 Rb8 18. f4 Nd7 19. Nc4 Ke7 20. Rab1 Bb7 21. Bxb7 Rxb7 22. Rfd1 b5 23. Ne3 Rc7 24. Rd4 Nb6 25. Rbd1 Rhc8 26. f5 Rc6 27. Rh4 Rc3 28. Re1 e5 29. Rxh7 Ra3 30. Ng4 Rxc2 31. Nh6 Raxa2 32. Rxf7+ Ke8 33. Rg7 Nd5 34. Rd1 Rxg2+ 35. Rxg2 Rxg2+ 36. Kxg2 Ne3+ 37. Kf3 Nxd1 38. Ng4 Kf7 39. h4 Nc3 40. h5 b4 41. h6 b3 42. h7 Kg7 43. Nxf6 b2 44. Nd7 b1Q 45. f6+ Kxh7 46. Nxe5 Qf5+ 47. Ke3 Qxe5+ 48. Kd2 Qxf6 49. Kc2 Nb5 50. Kb3 Qc3+ 0-1

[Event "Titled Tuesday intern op 14th Nov Early"]
[Site "Chess.com INT"]
[Date "2023.11.14"]
[Round "8"]
[White "Salinas Herrera, Pablo Patricio"]
[Black "Petkov, Momchil"]
[Result "0-1"]
[WhiteElo "2463"]
[BlackElo "2496"]
[PlyCount "82"]
[EventDate "2023.11.14"]
[EventType "swiss (blitz)"]
[EventRounds "11"]
[EventCountry "USA"]
[SourceTitle "CB47_2023"]
[SourceDate "2023.11.22"]
[SourceVersion "1"]
[SourceVersionDate "2023.11.22"]
[SourceQuality "1"]

1. d4 d5 2. Nf3 e6 3. Bf4 Nf6 4. e3 c5 5. c3 Nc6 6. Nbd2 cxd4 7. exd4 Nh5 8. Be3 Bd6 9. g3 Nf6 10. Bd3 Ng4 11. Qe2 Nxe3 12. fxe3 f5 13. c4 0-0 14. a3 a5 15. 0-0 Qf6 16. Rac1 Qh6 17. cxd5 exd5 18. Bb5 Bd7 19. Bxc6 Bxc6 20. Nb3 Rae8 21. Rc3 f4 22. gxf4 Bxf4 23. Ne5 Bxe5 24. Rxf8+ Rxf8 25. dxe5 Qg6+ 26. Qg2 Qxg2+ 27. Kxg2 d4+ 28. Rxc6 bxc6 29. Nxd4 c5 30. Nc6 a4 31. e6 Re8 32. e7 Kf7 33. Kf3 Rc8 34. Na7 Rb8 35. Nc6 Rb6 36. Ne5+ Kxe7 37. Nc4 Rh6 38. Ke4 Rxh2 39. Kd5 Rc2 40. Kxc5 h5 41. Kd4 Rxc4+ 0-1

[Event "Sebes GP op"]
[Site "Sebes"]
[Date "2023.11.04"]
[Round "1"]
[White "Gazdaru, Rares"]
[Black "Petkov, Momchil"]
[Result "0-1"]
[WhiteElo "1713"]
[BlackElo "2499"]
[PlyCount "72"]
[EventDate "2023.11.04"]
[EventType "swiss"]
[EventRounds "10"]
[EventCountry "ROU"]
[SourceTitle "CB46_2023"]
[SourceDate "2023.11.15"]
[SourceVersion "1"]
[SourceVersionDate "2023.11.15"]
[SourceQuality "1"]

1. d4 d5 2. Nf3 Nf6 3. g3 Bf5 4. Bg2 e6 5. 0-0 h6 6. c4 c6 7. Nc3 Nbd7 8. Qb3 Qb6 9. c5 Qxb3 10. axb3 a6 11. h3 Be7 12. g4 Bc2 13. b4 Rc8 14. Bf4 g5 15. Bh2 h5 16. gxh5 Rxh5 17. Ne5 Bf5 18. Nxd7 Nxd7 19. Rfe1 Bxh3 20. e4 Bxg2 21. Kxg2 dxe4 22. Nxe4 Nf6 23. Nxf6+ Bxf6 24. Rad1 Rd8 25. Re4 Rh4 26. Rxh4 gxh4 27. Bd6 Be7 28. Bf4 Rd5 29. Kf3 f6 30. Rd2 Kf7 31. Kg4 f5+ 32. Kf3 Bf6 33. Ke3 h3 34. Bd6 e5 35. dxe5 Bg5+ 36. f4 Bxf4+ 0-1

[Event "Sebes GP op"]
[Site "Sebes"]
[Date "2023.11.04"]
[Round "2"]
[White "Petkov, Momchil"]
[Black "Berechet, Stefan Mario"]
[Result "1-0"]
[WhiteElo "2499"]
[BlackElo "1977"]
[PlyCount "79"]
[EventDate "2023.11.04"]
[EventType "swiss"]
[EventRounds "10"]
[EventCountry "ROU"]
[SourceTitle "CB46_2023"]
[SourceDate "2023.11.15"]
[SourceVersion "1"]
[SourceVersionDate "2023.11.15"]
[SourceQuality "1"]

1. d4 g6 2. e4 Bg7 3. Nc3 b6 4. f4 Bb7 5. Nf3 e6 6. Bd3 d6 7. 0-0 Ne7 8. Ne2 c5 9. c3 Nd7 10. Ng3 Qc7 11. f5 e5 12. Ng5 c4 13. Bc2 Bf6 14. fxg6 hxg6 15. Be3 b5 16. Rf2 Ng8 17. Qe2 a5 18. Raf1 Bxg5 19. Bxg5 f6 20. Be3 Rh7 21. Qg4 Nf8 22. b3 Bc8 23. Qe2 cxb3 24. Bxb3 Be6 25. Qxb5+ Ke7 26. dxe5 dxe5 27. Bb6 Qd7 28. Bc5+ Kf7 29. Bxe6+ Qxe6 30. Qb7+ Nd7 31. Qxa8 Nxc5 32. Qa7+ Nd7 33. Rd1 Ke8 34. Qa8+ Kf7 35. Qd8 Nf8 36. Rd6 Qe7 37. Qxe7+ Kxe7 38. Ra6 Rh4 39. Rb2 f5 40. Rb7+ 1-0

[Event "NOR-chT Elite 2324"]
[Site "Norway"]
[Date "2023.10.28"]
[Round "2.11"]
[White "Hauge, Lars Oskar"]
[Black "Petkov, Momchil"]
[Result "1/2-1/2"]
[WhiteElo "2509"]
[BlackElo "2499"]
[PlyCount "63"]
[EventDate "2023.10.27"]
[EventType "team-tourn"]
[EventRounds "9"]
[EventCountry "NOR"]
[SourceTitle "Mega2024 Update 01"]
[Source "Chessbase"]
[SourceDate "2023.11.12"]
[SourceVersion "1"]
[SourceVersionDate "2023.11.12"]
[SourceQuality "1"]
[WhiteTeam "OSS"]
[BlackTeam "Baerum"]
[WhiteTeamCountry "NOR"]
[BlackTeamCountry "NOR"]

1. e4 c5 2. Nf3 Nc6 3. Bb5 Nf6 4. Bxc6 dxc6 5. d3 Qc7 6. Nbd2 e5 7. 0-0 Be7 8. Nc4 Ng4 9. h3 b5 10. Ne3 Nxe3 11. Bxe3 0-0 12. Nd2 Be6 13. f4 exf4 14. Bxf4 Qd7 15. Be3 f5 16. Qh5 fxe4 17. Nxe4 c4 18. Qe5 Qd5 19. Qc7 cxd3 20. Qxe7 Qxe4 21. Rxf8+ Rxf8 22. Bc5 Rc8 23. cxd3 Qg6 24. Rf1 h6 25. Qd6 Bf5 26. Qxg6 Bxg6 27. Bxa7 Ra8 28. Bd4 Rxa2 29. Rc1 Ra6 30. Re1 Ra4 31. Bc3 Ra7 32. Re6 1/2-1/2

[Event "Wch U20 60th"]
[Site "Mexico City"]
[Date "2023.09.22"]
[Round "3"]
[White "Levin, Guy"]
[Black "Petkov, Momchil"]
[Result "1/2-1/2"]
[WhiteElo "2409"]
[BlackElo "2499"]
[PlyCount "52"]
[EventDate "2023.09.21"]
[EventType "swiss"]
[EventRounds "11"]
[EventCountry "MEX"]
[SourceTitle "EXT 2024"]
[Source "ChessBase"]
[SourceDate "2023.10.10"]
[SourceVersion "1"]
[SourceVersionDate "2023.10.10"]
[SourceQuality "1"]

1. Nf3 d5 2. g3 Nf6 3. Bg2 e6 4. 0-0 Be7 5. d3 0-0 6. a4 h6 7. Bf4 Bd6 8. d4 Nc6 9. c3 Nh5 10. Bxd6 cxd6 11. e4 Nf6 12. exd5 exd5 13. Qd3 Bg4 14. Nbd2 Qd7 15. Rfe1 Bf5 16. Qb5 Bc2 17. Nf1 a6 18. Qe2 Be4 19. N3d2 Rfe8 20. Ne3 Re7 21. Qd1 Rae8 22. Qb3 Na5 23. Qb4 Nc6 24. Qb3 Na5 25. Qb4 Nc6 26. Qb3 Na5 1/2-1/2

[Event "Titled Tuesday intern op 15th Aug Early"]
[Site "Chess.com INT"]
[Date "2023.08.15"]
[Round "6"]
[White "Matlakov, Maxim"]
[Black "Petkov, Momchil"]
[Result "1-0"]
[WhiteElo "2677"]
[BlackElo "2489"]
[PlyCount "93"]
[EventDate "2023.08.15"]
[EventType "swiss (blitz)"]
[EventRounds "11"]
[EventCountry "USA"]
[SourceTitle "EXT 2024"]
[Source "ChessBase"]
[SourceDate "2023.10.10"]
[SourceVersion "1"]
[SourceVersionDate "2023.10.10"]
[SourceQuality "1"]

1. d4 Nf6 2. Nf3 d5 3. Bg5 Ne4 4. Bh4 c5 5. e3 Nc6 6. Nbd2 Nxd2 7. Qxd2 cxd4 8. exd4 Bg4 9. Ne5 Bd7 10. c3 Qc7 11. Bg3 Nxe5 12. Bxe5 Qb6 13. Bd3 e6 14. 0-0 f6 15. Bg3 Bd6 16. Rfe1 0-0 17. Qc2 h6 18. Re3 Rae8 19. Rae1 Qc7 20. Bh7+ Kh8 21. Bg6 Re7 22. Qe2 Bxg3 23. hxg3 Qd6 24. g4 Be8 25. Bf5 Bd7 26. Bxe6 Rfe8 27. Bxd7 Rxe3 28. fxe3 Qxd7 29. Qf3 Re4 30. c4 Qxg4 31. cxd5 Kg8 32. Qxg4 Rxg4 33. Rc1 Re4 34. Kf2 Kf7 35. Rc7+ Kf8 36. Rxb7 Re7 37. Rxe7 Kxe7 38. e4 Kd6 39. g4 g6 40. Kf3 f5 41. gxf5 gxf5 42. exf5 Kxd5 43. Kg4 a5 44. Kh5 a4 45. Kxh6 Kxd4 46. f6 Kd3 47. f7 1-0